000
00274nam a2200121Ia 4500
008
190216s9999||||xx |||||||||||||| ||und||
100
_a
Sankara Kurup G
245
0
_a
Pathikante Pattu
260
_b
Current Books
_c
1964
300
_a
95p
650
_a
Kavithkal
942
_c
BK
999
_c
23615
_d
23615